Eel capture culture processing and marketing

Guardat en:
Dades bibliogràfiques
Autor principal: Forrest, David M (Autor)
Format: Llibre
Idioma:anglès
Publicat: Farnham Fishing News Books 1976
Matèries:
Etiquetes: Afegir etiqueta
Sense etiquetes, Sigues el primer a etiquetar aquest registre!

MARC

LEADER 00000nam a2200000 a 4500
001 UCV5115
003 CL-VaPUC
008 920616e19760000UK |||||||||||||||||eng|d
082 0 4 |a 639.3751  |b FOR  |2 21 
100 0 |a Forrest, David M  |e author  |9 299382 
245 1 0 |a Eel capture culture processing and marketing 
300 |a 205 p 
942 |c BK 
945 |d 19920616 00:00:00 
260 |a Farnham  |b Fishing News Books  |c 1976 
650 0 |a Anguilas   |9 299383 
583 |a last modification  |c 19920616 00:00:00  |k Rodrigo Vera 
999 |c 211709  |d 211707 
952 |0 0  |1 0  |4 0  |6 639_375100000000000_FOR_1976  |7 0  |8 CCM  |9 191576  |a BIBCUR  |b BIBCUR  |d 2019-11-14  |i 2591197  |o 639.3751 FOR 1976  |p 2591197  |r 2025-04-22  |w 2019-11-14  |y BK  |k CIM